Movies Quiz

Random Movies or Clickable Quiz

IMDB Top 50 Quiz Stats

Quiz not verified by Sporcle

Also try: Movies in Common
Challenge
Share
Tweet
Embed
Score 0/50 Timer 10:00
0 Plays Today
% Correct
The Shawshank Redemption
93.7%
The Godfather
93.7%
Schindler's List
92.6%
Pulp Fiction
91.6%
The Dark Knight
91.6%
Goodfellas
91.6%
Star Wars: Episode V - Empire Strikes Back
90.5%
One Flew Over the Cuckoo's Nest
90.5%
The Silence of the Lambs
90.5%
The Godfather: Part II
89.5%
Lord of the Rings: Return of the King
89.5%
The Good, The Bad, and the Ugly
88.4%
Star Wars
87.4%
Forrest Gump
87.4%
Fight Club
86.3%
The Usual Suspects
85.3%
Apocalypse Now
85.3%
Citizen Kane
84.2%
Casablanca
83.2%
The Matrix
82.1%
Psycho
82.1%
Lord of the Rings: Fellowship of the Ring
81.1%
12 Angry Men
80%
Se7en
80%
Saving Private Ryan
80%
% Correct
Taxi Driver
80%
Lord of the Rings: Two Towers
78.9%
Raiders of the Lost Ark
78.9%
Inception
75.8%
The Dark Knight Rises
75.8%
Dr. Strangelove
74.7%
American Beauty
74.7%
American History X
73.7%
The Shining
73.7%
It's a Wonderful Life
71.6%
Seven Samurai
69.5%
Memento
69.5%
North by Northwest
67.4%
Rear Window
65.3%
Terminator 2
65.3%
Vertigo
65.3%
Alien
64.2%
City of God
63.2%
Back to the Future
62.1%
Once Upon a Time in the West
56.8%
Léon: The Professional
54.7%
Sunset Blvd.
52.6%
City Lights
44.2%
Spirited Away
42.1%
Modern Times
36.8%

You're not logged in!

Compare scores with friends on all Sporcle quizzes.
Sign Up with Email
OR
Log In

You Might Also Like...

Show Comments

Extras

Top Quizzes Today


Score Distribution

Your Account Isn't Verified!

In order to create a playlist on Sporcle, you need to verify the email address you used during registration. Go to your Sporcle Settings to finish the process.

Report this User

Report this user for behavior that violates our Community Guidelines.

Details: